[Event "Druzynowe Mistrzostwa Polski - Ekstraliga 2023"]
[Site "Lublin"]
[Date "1899-12-30"]
[Round "8.16"]
[White "Warakomski, Tomasz"]
[Black "Kempinski, Robert"]
[Result "1-0"]
[WhiteTitle "GM"]
[BlackTitle "GM"]
[WhiteElo "2533"]
[BlackElo "2550"]

1. e4 c5 2. Nf3 d6 3. d4 cxd4 4. Nxd4 Nf6 5. Nc3 a6 6. Bd3 e5 7. Nde2 Nbd7 8. O-O
Be7 9. Ng3 Nc5 10. Bc4 Be6 11. Bd5 O-O 12. b4 Bxd5 13. Nxd5 Ncxe4 14. Nf5 Nxd5
15. Qxd5 Nc3 16. Qxb7 Bf6 17. Bd2 Qc8 18. Nxd6 Ne2+ 19. Kh1 Qxc2 20. Be3 Rab8
21. Qxa6 Rxb4 22. a4 e4 23. Rae1 Nc3 24. a5 Ra4 25. Bc5 Bd4 26. Bxd4 Rxd4 27.
Nf5 Rd2 28. Qc6 Ne2 29. Qb7 Nf4 30. Qxe4 Nd3 31. Qd4 Qb2 32. Qxb2 Rxb2 33. Rb1
Rfb8 34. Rxb2 Rxb2 35. Ra1 Nc5 36. g3 g6 37. Nd6 Na6 38. Kg2 Kf8 39. Re1 Rb8 40.
Kf3 Rd8 41. Nc4 Rd4 42. Re4 Rd1 43. h4 Ra1 44. Re5 Nb4 45. Rb5 Nc6 46. Ke4 Rd1
47. Rc5 f5+ 48. Kf4 Nd8 49. Ke3 Ne6 50. Rb5 Rd4 51. Nd2 Ra4 52. Kd3 Ra2 53. f4
Ra3+ 54. Nb3 Ke7 55. Kc4 h5 56. Rb7+ Kd6 57. Rb6+ Ke7 58. Kd5 Nf8 59. Rb7+ Kf6
60. Kd6 Ne6 61. Rb6 Kf7 62. a6 Ra4 63. Kd7 Nf8+ 64. Kc8 Ke7 65. Nc5 Rc4 66. Rc6
Nd7 67. a7 1-0

[Event "Druzynowe Mistrzostwa Polski - Ekstraliga 2023"]
[Site "Lublin"]
[Date "1899-12-30"]
[Round "8.17"]
[White "Bobras, Piotr"]
[Black "Kantans, Toms"]
[Result "0-1"]
[WhiteTitle "GM"]
[BlackTitle "GM"]
[WhiteElo "2463"]
[BlackElo "2487"]

1. d4 Nf6 2. c4 e6 3. Nc3 Bb4 4. e3 b6 5. Nge2 Ne4 6. Bd2 Nxd2 7. Qxd2 O-O 8. a3
Be7 9. Nf4 d6 10. Bd3 e5 11. Nfe2 Bb7 12. Qc2 g6 13. dxe5 dxe5 14. O-O-O Qe8 15.
h4 Nd7 16. Be4 c6 17. g4 Nc5 18. g5 Rd8 19. Ng3 Rxd1+ 20. Rxd1 Qc8 21. Bf3 a5
22. Nce4 Ba6 23. Nxc5 Bxc5 24. Qe4 Qe6 25. Bg4 f5 26. gxf6 Qxc4+ 27. Qxc4+ Bxc4
28. Ne4 Bd5 29. Nxc5 bxc5 30. e4 Bxe4 31. Be6+ Kh8 32. Re1 Bd3 33. f7 e4 34. Rg1
Kg7 35. Rg5 Kf6 36. Ba2 c4 37. Rxa5 Rxf7 38. Rc5 Rf8 39. Bxc4 Bxc4 40. Rxc4 Ke5
41. Rc2 Rf4 42. h5 gxh5 43. Kd1 h4 44. Ke2 Rf6 45. Rc5+ Kd4 46. Rh5 Rf3 47. Rxh7
Rb3 48. Rd7+ Ke5 49. Rd2 h3 50. Kf1 Rd3 51. f4+ Kxf4 0-1

[Event "Druzynowe Mistrzostwa Polski - Ekstraliga 2023"]
[Site "Lublin"]
[Date "1899-12-30"]
[Round "8.18"]
[White "Antolak, Julia"]
[Black "Cyfka, Karina"]
[Result "1/2-1/2"]
[WhiteTitle "WGM"]
[BlackTitle "IM"]
[WhiteElo "2299"]
[BlackElo "2351"]

1. Nf3 d5 2. c4 e6 3. g3 Nf6 4. Bg2 Be7 5. O-O O-O 6. d4 c6 7. Nc3 Nbd7 8. b3 b6
9. Qd3 Bb7 10. e4 dxe4 11. Nxe4 Nxe4 12. Qxe4 Nf6 13. Qe3 c5 14. Bb2 Qc7 15. Rfe1
cxd4 16. Nxd4 Bxg2 17. Kxg2 Rfd8 18. Qf3 Bc5 19. Rad1 Rac8 20. Nb5 Qe7 21. Bxf6
gxf6 22. Nc3 Rxd1 23. Rxd1 Rd8 24. Ne4 Rxd1 25. Qxd1 f5 26. Nxc5 bxc5 27. Qf3
Qc7 28. h4 h6 29. Kh2 Qa5 30. Qe2 Qa3 31. Qd2 Kg7 32. Kh3 Kh7 33. g4 fxg4+ 34.
Kxg4 Qa6 35. Qf4 Kg6 36. h5+ Kg7 37. Qe5+ Kg8 38. Qb8+ Kg7 39. Qe5+ Kg8 40. Qxc5
Qxa2 41. Qe3 Qc2 42. Kg3 Qd1 43. Qf3 Qc2 44. Kg2 a5 45. Qa8+ Kg7 46. Qxa5 Qe4+
47. f3 Qc2+ 48. Kg3 Qxb3 49. Qe5+ Kg8 50. c5 Qc2 51. Qe3 Kg7 52. Qd4+ Kg8 53.
Qd6 Qc1 54. Qd8+ Kg7 55. Qd4+ 1/2-1/2

[Event "Druzynowe Mistrzostwa Polski - Ekstraliga 2023"]
[Site "Lublin"]
[Date "1899-12-30"]
[Round "8.19"]
[White "Navara, David"]
[Black "Grandelius, Nils"]
[Result "1/2-1/2"]
[WhiteTitle "GM"]
[BlackTitle "GM"]
[WhiteElo "2688"]
[BlackElo "2681"]

1. Nf3 d5 2. g3 g6 3. Bg2 Bg7 4. d4 Nf6 5. O-O O-O 6. c4 c6 7. Nbd2 Bf5 8. b3 Ne4
9. Bb2 a5 10. Nh4 Nxd2 11. Qxd2 Be6 12. Nf3 a4 13. Qb4 b6 14. cxd5 Bxd5 15. bxa4
Qd6 16. a3 Nd7 17. Rfc1 c5 18. dxc5 bxc5 19. Qd2 Bxb2 20. Qxb2 Rfb8 21. Qc3 Qf6
22. Qxf6 Nxf6 23. Rxc5 Rxa4 24. Ne5 Bxg2 25. Kxg2 Rb2 26. Rc4 Rxc4 27. Nxc4 Rxe2
28. a4 Rc2 29. Nb6 Ng4 30. a5 Rxf2+ 31. Kg1 Rd2 32. Ra3 Ne5 33. a6 Nc6 34. a7
Nxa7 35. Rxa7 Rd1+ 36. Kg2 Rd2+ 37. Kh3 e6 38. Nd7 h5 39. Nf6+ Kg7 40. Rd7 Re2
41. Ne8+ Kf8 42. Nd6 Rf2 43. Rc7 Kg8 44. Ne4 Re2 45. Nd6 Rf2 46. Rc4 Rd2 47. Ne4
Ra2 48. Rc8+ Kg7 49. Rc7 Rb2 50. Rd7 Ra2 51. Rd2 Ra5 52. Rc2 Ra4 53. Re2 Ra5 54.
Kg2 g5 55. h4 gxh4 56. gxh4 Ra4 57. Kh3 Ra3+ 58. Ng3 f5 59. Kg2 Ra4 60. Rxe6 Rxh4
61. Kf3 Ra4 62. Nxf5+ Kf7 63. Rh6 h4 64. Nxh4 Ra3+ 65. Kf4 Ra1 66. Nf3 Ke7 67.
Ke4 Rb1 68. Nd4 Re1+ 69. Kd5 Kf7 70. Nf3 Rd1+ 71. Ke5 Ra1 72. Ng5+ Kg7 73. Rb6
Ra5+ 74. Kf4 Ra1 75. Rc6 Rb1 76. Ne4 Rf1+ 77. Ke5 Ra1 78. Rc3 Re1 79. Rg3+ Kf7
80. Rg4 Ke7 81. Rg7+ Ke8 82. Kd5 Kf8 83. Ra7 Re2 84. Nd6 Re1 85. Nf5 Ke8 86. Nd4
Kf8 87. Kd6 Rd1 88. Ke5 Re1+ 89. Kf6 Rf1+ 90. Nf5 Ke8 91. Ke5 Re1+ 92. Kd5 Rd1+
93. Nd4 Kf8 94. Ke5 Re1+ 95. Kf6 Rf1+ 96. Nf5 Ke8 97. Rh7 Kd8 98. Ke5 Re1+ 99.
Kd5 Rd1+ 100. Nd4 Ke8 101. Ke6 Re1+ 102. Kd6 1/2-1/2

[Event "Druzynowe Mistrzostwa Polski - Ekstraliga 2023"]
[Site "Lublin"]
[Date "1899-12-30"]
[Round "8.20"]
[White "Bartel, Mateusz"]
[Black "Tari, Aryan"]
[Result "1-0"]
[WhiteTitle "GM"]
[BlackTitle "GM"]
[WhiteElo "2621"]
[BlackElo "2635"]

1. e4 e5 2. Nf3 Nc6 3. Bc4 Nf6 4. d3 Bc5 5. Nc3 a6 6. Be3 Bxe3 7. fxe3 d6 8. Ng5
O-O 9. O-O h6 10. Nxf7 Rxf7 11. Bxf7+ Kxf7 12. Nd5 Kg6 13. Rxf6+ gxf6 14. Qf3
Be6 15. Rf1 Bxd5 16. exd5 Ne7 17. Qxf6+ Kh7 18. Qe6 1-0

[Event "Druzynowe Mistrzostwa Polski - Ekstraliga 2023"]
[Site "Lublin"]
[Date "1899-12-30"]
[Round "8.21"]
[White "Piorun, Kacper"]
[Black "Mastrovasilis, Dimitrios"]
[Result "1/2-1/2"]
[WhiteTitle "GM"]
[BlackTitle "GM"]
[WhiteElo "2594"]
[BlackElo "2589"]

1. Nf3 d5 2. g3 c6 3. Bg2 Bf5 4. O-O e6 5. d3 h6 6. Nbd2 Nf6 7. b3 Be7 8. Bb2 O-O
9. Qe1 Bh7 10. e4 a5 11. a4 Na6 12. e5 Nd7 13. Qe2 Nb4 14. Ne1 Qb8 15. f4 b5 16.
Ndf3 bxa4 17. bxa4 c5 18. g4 c4 19. Bd4 cxd3 20. cxd3 Nc5 21. Bxc5 Bxc5+ 22. Kh1
Qb6 23. g5 Be3 24. gxh6 Bxf4 25. hxg7 Rfc8 26. Ng5 Bxg5 27. Qh5 Ra7 28. Qxg5 Nxd3
29. Nxd3 Bxd3 30. Qh6 Bh7 31. Ra3 Qb2 32. Rh3 Qc2 33. Rg3 Rb7 34. Qf6 Bf5 35.
Qh6 Bh7 36. Qf6 Bf5 37. Qh6 1/2-1/2

[Event "Druzynowe Mistrzostwa Polski - Ekstraliga 2023"]
[Site "Lublin"]
[Date "1899-12-30"]
[Round "8.22"]
[White "Gumularz, Szymon"]
[Black "Socko, Bartosz"]
[Result "1/2-1/2"]
[WhiteTitle "GM"]
[BlackTitle "GM"]
[WhiteElo "2587"]
[BlackElo "2538"]

1. e4 e5 2. Nf3 Nc6 3. Bc4 Bc5 4. d3 Nf6 5. O-O O-O 6. h3 h6 7. c3 d6 8. Re1 a6
9. a4 Ba7 10. Nbd2 Ne7 11. Nf1 Ng6 12. Ng3 Be6 13. Bxe6 fxe6 14. d4 exd4 15. cxd4
Qd7 16. Qc2 Qf7 17. Be3 d5 18. e5 Nd7 19. b4 Nb6 20. Nd2 Nh4 21. a5 Nc8 22. Nb3
c6 23. f4 Ne7 24. Rf1 Nhf5 25. Nxf5 Qxf5 26. Qxf5 exf5 27. Rab1 Rf7 28. Rb2 Ng6
29. Kf2 Nf8 30. Ke2 Ne6 31. Kd3 Raf8 32. Rbf2 Kh7 33. Nc1 Bb8 34. Ne2 Bc7 35.
g3 Bd8 36. Bd2 Be7 37. Rf3 g5 38. fxg5 Bxg5 39. h4 Be7 40. h5 Bg5 41. Nf4 Bxf4
42. Bxf4 Ng7 43. Rh1 Ne6 44. Rhf1 Ng7 45. Rh1 Ne6 46. Rhf1 1/2-1/2

[Event "Druzynowe Mistrzostwa Polski - Ekstraliga 2023"]
[Site "Lublin"]
[Date "1899-12-30"]
[Round "8.23"]
[White "Janik, Igor"]
[Black "Tazbir, Marcin"]
[Result "0-1"]
[WhiteTitle "GM"]
[BlackTitle "GM"]
[WhiteElo "2517"]
[BlackElo "2494"]

1. Nf3 d5 2. g3 Nf6 3. Bg2 c6 4. O-O Bf5 5. d3 h6 6. c4 e6 7. Qb3 Qb6 8. cxd5 exd5
9. Qc2 Be7 10. Be3 Qd8 11. Nbd2 O-O 12. Bd4 Nbd7 13. a3 c5 14. Bxf6 Nxf6 15. e4
Be6 16. e5 Ne8 17. d4 b6 18. Rfd1 Rb8 19. Nf1 Qd7 20. Ne3 Nc7 21. Qe2 a5 22. a4
c4 23. Nd2 b5 24. axb5 Qxb5 25. Rdb1 f6 26. Nf3 f5 27. Nd1 f4 28. Qd2 Bb4 29.
Nc3 Qd7 30. Ne1 g5 31. Rc1 Bh3 32. Bxh3 Qxh3 33. Qe2 Ne6 34. Rd1 Rbd8 35. Qf1
Qf5 36. Qe2 g4 37. Qc2 fxg3 38. hxg3 Qh5 39. Nxd5 Rxd5 40. Qxc4 Bxe1 41. Rxe1
Rfd8 42. Rxa5 Ng5 43. Ra3 Nf3+ 44. Rxf3 gxf3 45. Qb3 Kh8 46. e6 Rf5 47. e7 Re8
48. Qa4 Kg7 49. Re3 Qh3 50. Rxf3 Rh5 0-1

[Event "Druzynowe Mistrzostwa Polski - Ekstraliga 2023"]
[Site "Lublin"]
[Date "1899-12-30"]
[Round "8.24"]
[White "Zawadzka, Jolanta"]
[Black "Socko, Monika"]
[Result "0-1"]
[WhiteTitle "WGM"]
[BlackTitle "GM"]
[WhiteElo "2347"]
[BlackElo "2392"]

1. e4 c6 2. d4 d5 3. Nd2 dxe4 4. Nxe4 Nf6 5. Nxf6+ exf6 6. Be3 Bd6 7. Bd3 Bf5 8.
Bxf5 Qa5+ 9. Qd2 Qxf5 10. O-O-O Qd5 11. Kb1 Nd7 12. Ne2 O-O 13. Qd3 Rfe8 14. g4
Rad8 15. c4 Qf3 16. Ng3 Bxg3 17. hxg3 g6 18. g5 Ne5 19. Qb3 Ng4 20. gxf6 Nxe3
21. fxe3 Rxe3 22. Qxb7 Qxf6 23. Qxa7 Rxg3 24. d5 cxd5 25. cxd5 Qf5+ 26. Ka1 Rd3
27. d6 Qd5 28. Rc1 Ra8 29. Qxa8+ Qxa8 30. Rhd1 Qd5 0-1

[Event "Druzynowe Mistrzostwa Polski - Ekstraliga 2023"]
[Site "Lublin"]
[Date "1899-12-30"]
[Round "8.25"]
[White "Nguyen, Thai Dai Van"]
[Black "Pechac, Jergus"]
[Result "1-0"]
[WhiteTitle "GM"]
[BlackTitle "GM"]
[WhiteElo "2606"]
[BlackElo "2598"]

1. e4 e5 2. Nf3 Nc6 3. Bb5 Nge7 4. O-O g6 5. c3 a6 6. Bc4 Bg7 7. d4 b5 8. Bb3 exd4
9. cxd4 O-O 10. d5 Na5 11. Bd2 Nxb3 12. Qxb3 c5 13. Bc3 Bxc3 14. Nxc3 d6 15. h3
f6 16. Qc2 Bd7 17. Rfe1 g5 18. Ne2 Ng6 19. Ng3 Ne5 20. Nd2 c4 21. b3 Qa5 22. bxc4
Rfc8 23. Nh5 Kf7 24. f4 gxf4 25. Rf1 Rg8 26. Kh1 Qa3 27. Nxf4 Rg3 28. Qd1 Rag8
29. Qh5+ Ke7 30. Qxh7+ R3g7 31. Qh4 Qc3 32. Rad1 bxc4 33. Ne2 Qe3 34. Qxf6+ Ke8
35. Rb1 Bxh3 36. Rb8+ Kd7 37. Rb7+ Kc8 38. Rxg7 Rh8 39. Qf8+ Rxf8 40. Rxf8# 1-0

[Event "Druzynowe Mistrzostwa Polski - Ekstraliga 2023"]
[Site "Lublin"]
[Date "1899-12-30"]
[Round "8.26"]
[White "Leniart, Arkadiusz"]
[Black "Svane, Rasmus"]
[Result "0-1"]
[WhiteTitle "GM"]
[BlackTitle "GM"]
[WhiteElo "2503"]
[BlackElo "2641"]

1. d4 Nf6 2. Bf4 g6 3. Nf3 Bg7 4. e3 d6 5. h3 c5 6. c3 Qb6 7. Qb3 Be6 8. Qxb6 axb6
9. a3 Bd7 10. Nbd2 Bc6 11. Bd3 cxd4 12. exd4 Nd5 13. Bh2 b5 14. O-O Na6 15. Rae1
Kd7 16. Ng5 Raf8 17. Nb3 h6 18. Nf3 b6 19. Nc1 Nac7 20. Re2 Rhg8 21. Rfe1 e6 22.
Nd2 Bf6 23. Bc2 g5 24. Nd3 h5 25. Nf1 g4 26. hxg4 hxg4 27. Nd2 Rg7 28. a4 Rh8
29. axb5 Nxb5 30. Nf4 Nxf4 31. Bxf4 Bxd4 32. cxd4 Nxd4 33. Be4 Nxe2+ 34. Rxe2
Bxe4 35. Nxe4 e5 36. Bg5 Rg6 37. Rd2 Rc8 38. Bf6 Rc6 39. b4 b5 40. g3 Ke6 41.
Bh4 Kf5 42. Re2 Rc4 43. Nd2 Rc2 44. Kf1 Rg8 45. Nb3 Rgc8 46. Be7 Rxe2 47. Kxe2
Rc2+ 48. Nd2 Ke6 49. Bd8 Rb2 50. Ba5 d5 51. Kd1 d4 52. Kc1 Ra2 53. Bb6 Kd5 54.
Kd1 f5 55. Ke2 f4 56. gxf4 exf4 57. Bc7 f3+ 58. Kd1 d3 0-1

[Event "Druzynowe Mistrzostwa Polski - Ekstraliga 2023"]
[Site "Lublin"]
[Date "1899-12-30"]
[Round "8.27"]
[White "Berkes, Ferenc"]
[Black "Szpar, Milosz"]
[Result "1-0"]
[WhiteTitle "GM"]
[BlackTitle "IM"]
[WhiteElo "2622"]
[BlackElo "2477"]

1. d4 d5 2. c4 e6 3. Nc3 Nf6 4. cxd5 exd5 5. Bg5 c6 6. e3 Bd6 7. Bd3 O-O 8. Nf3
Re8 9. O-O Bg4 10. Qb3 Na6 11. Rac1 Qd7 12. Nd2 Nh5 13. Bh4 Nc7 14. Rfe1 Rab8
15. Qc2 h6 16. f3 Be6 17. f4 Be7 18. Bf2 f5 19. Nf3 Nf6 20. Ne5 Qc8 21. Bh4 Ne4
22. Bxe7 Rxe7 23. b4 a6 24. a4 Ne8 25. Qb2 N8d6 26. b5 axb5 27. axb5 Rc7 28. Bxe4
fxe4 29. b6 Re7 30. Na4 Qd8 31. Nc5 Bc8 32. Rf1 Kh7 33. Ra1 Re8 34. Rf2 Nb5 35.
Qe2 Rf8 36. Qh5 Nd6 37. Qg6+ Kg8 38. Ned7 Bxd7 39. Qxd6 Rf7 40. Rfa2 Rc8 41. Ra7
1-0

[Event "Druzynowe Mistrzostwa Polski - Ekstraliga 2023"]
[Site "Lublin"]
[Date "1899-12-30"]
[Round "8.28"]
[White "Nguyen, Piotr"]
[Black "Dardha, Daniel"]
[Result "0-1"]
[WhiteTitle "IM"]
[BlackTitle "GM"]
[WhiteElo "2394"]
[BlackElo "2586"]

1. Nf3 d5 2. g3 Nf6 3. Bg2 e6 4. O-O Be7 5. c4 O-O 6. b3 d4 7. e3 c5 8. Ne5 Qc7
9. f4 Nfd7 10. exd4 cxd4 11. Nd3 Nc6 12. Ba3 Nf6 13. Qc1 Bd7 14. Nc5 e5 15. Nxd7
Qxd7 16. d3 Ng4 17. Bh3 f5 18. Bxg4 fxg4 19. Nd2 exf4 20. gxf4 Bxa3 21. Qxa3 Qc7
22. Ne4 Rxf4 23. Qd6 Qxd6 24. Nxd6 Rxf1+ 25. Rxf1 b6 26. a3 Rd8 27. Nf5 h5 28.
b4 Re8 29. b5 Ne5 30. h3 gxh3 31. Nxd4 Ng4 32. Nc6 Re2 33. Nxa7 Rg2+ 34. Kh1 Nf2+
35. Rxf2 Rxf2 36. c5 bxc5 37. a4 Ra2 38. b6 Rxa4 39. Nc6 Ra1+ 40. Kh2 Rb1 41.
Ne7+ Kf7 0-1

[Event "Druzynowe Mistrzostwa Polski - Ekstraliga 2023"]
[Site "Lublin"]
[Date "1899-12-30"]
[Round "8.29"]
[White "Pultinevicius, Paulius"]
[Black "Mikrut, Dariusz"]
[Result "1-0"]
[WhiteTitle "GM"]
[BlackTitle "IM"]
[WhiteElo "2572"]
[BlackElo "2312"]

1. d4 Nf6 2. c4 g6 3. Nc3 Bg7 4. e4 d6 5. Be2 O-O 6. h4 c5 7. d5 e6 8. h5 exd5
9. exd5 Re8 10. h6 Bh8 11. Bg5 Qb6 12. b3 Nbd7 13. Rh4 Qa5 14. Bd2 Qd8 15. g3
a6 16. a4 Ne5 17. Kf1 Bf5 18. Bg5 Qa5 19. Rc1 Nfd7 20. g4 f6 21. Be3 Nxg4 22.
Bxg4 Bxg4 23. Qxg4 f5 24. Qg3 Bxc3 25. Qxd6 Rad8 26. Qg3 Bf6 27. Bg5 Qb6 28. Nh3
Nf8 29. a5 Qd6 30. Qxd6 Rxd6 31. Bxf6 Rxf6 32. Ng5 f4 33. Re1 Rxe1+ 34. Kxe1 Nd7
35. Ne6 Ne5 36. Ke2 g5 37. Nxg5 b6 38. Ne4 1-0

[Event "Druzynowe Mistrzostwa Polski - Ekstraliga 2023"]
[Site "Lublin"]
[Date "1899-12-30"]
[Round "8.30"]
[White "Divya, Deshmukh"]
[Black "Buksa, Nataliya"]
[Result "1-0"]
[WhiteTitle "WGM"]
[BlackTitle "IM"]
[WhiteElo "2385"]
[BlackElo "2352"]

1. e4 c5 2. Nf3 Nc6 3. d4 cxd4 4. Nxd4 Nf6 5. Nc3 e5 6. Ndb5 d6 7. Bg5 a6 8. Na3
b5 9. Bxf6 gxf6 10. Nd5 f5 11. c3 Bg7 12. exf5 Bxf5 13. Nc2 O-O 14. a4 Ne7 15.
Nxe7+ Qxe7 16. Ne3 Be6 17. axb5 axb5 18. Rxa8 Rxa8 19. Bxb5 Qb7 20. Bd3 Qxb2 21.
O-O Qxc3 22. Bf5 Qd4 23. Qh5 Bc4 24. Rd1 Qc5 25. Be4 Ra2 26. Qxh7+ Kf8 27. Nf5
Rxf2 28. Qxg7+ Ke8 29. Bc6+ Kd8 30. Qf8+ Kc7 31. Qxd6+ Qxd6 32. Nxd6 Rf4 33. Nxc4
Rxc4 34. Bd5 1-0

[Event "Druzynowe Mistrzostwa Polski - Ekstraliga 2023"]
[Site "Lublin"]
[Date "1899-12-30"]
[Round "9.1"]
[White "Pechac, Jergus"]
[Black "Wojtaszek, Radoslaw"]
[Result "1/2-1/2"]
[WhiteTitle "GM"]
[BlackTitle "GM"]
[WhiteElo "2598"]
[BlackElo "2675"]

1. Nf3 d5 2. c4 e6 3. g3 Nf6 4. Bg2 dxc4 5. Qa4+ Bd7 6. Qxc4 c5 7. Ne5 Qc8 8. Nxd7
Qxd7 9. Nc3 Nc6 10. O-O Be7 11. d3 Rc8 12. a4 O-O 13. a5 Rfd8 14. Qa4 Nd4 15.
Rd1 b5 16. axb6 axb6 17. Qxd7 Rxd7 18. Ra6 b5 19. Kf1 c4 20. dxc4 bxc4 21. Bf4
h6 22. Na4 Nb3 23. Rxd7 Nxd7 24. Ra7 Ndc5 25. Nb6 Rd8 26. Bc6 c3 27. bxc3 Bf6
28. Bc7 Rd1+ 29. Kg2 Bxc3 30. Be8 Ra1 31. Rxa1 Bxa1 32. Nc4 Kf8 33. Bc6 Bf6 34.
e3 Be7 35. h4 Na6 36. Be5 Bf6 37. Bd6+ Be7 38. Be5 1/2-1/2

[Event "Druzynowe Mistrzostwa Polski - Ekstraliga 2023"]
[Site "Lublin"]
[Date "1899-12-30"]
[Round "9.2"]
[White "Abasov, Nijat"]
[Black "Leniart, Arkadiusz"]
[Result "1-0"]
[WhiteTitle "GM"]
[BlackTitle "GM"]
[WhiteElo "2677"]
[BlackElo "2503"]

1. e4 e6 2. d4 d5 3. Nc3 Nf6 4. Bg5 dxe4 5. Nxe4 Be7 6. Bxf6 gxf6 7. Nf3 f5 8.
Nc3 a6 9. a4 Bf6 10. Bc4 Nc6 11. d5 Ne7 12. O-O e5 13. Re1 Qd6 14. Nd2 Ng6 15.
Bf1 O-O 16. Nc4 Qc5 17. Re3 Rd8 18. Qh5 Bg7 19. Nxe5 f4 20. Ree1 Qd6 21. Nxf7
Kxf7 22. Ne4 Qxd5 23. Ng5+ Kf6 24. Nxh7+ Kf7 25. Ng5+ Kf6 26. h4 Bf5 27. Rad1
Rh8 28. Nh7+ 1-0

[Event "Druzynowe Mistrzostwa Polski - Ekstraliga 2023"]
[Site "Lublin"]
[Date "1899-12-30"]
[Round "9.3"]
[White "Szpar, Milosz"]
[Black "Kollars, Dmitrij"]
[Result "1/2-1/2"]
[WhiteTitle "IM"]
[BlackTitle "GM"]
[WhiteElo "2477"]
[BlackElo "2641"]

1. e4 e5 2. Nf3 Nc6 3. Nc3 Nf6 4. Bb5 Bd6 5. d3 O-O 6. a3 Nd4 7. Bc4 c6 8. Ba2
Bc7 9. Be3 Nxf3+ 10. Qxf3 d6 11. O-O Be6 12. Bxe6 fxe6 13. Qh3 Qd7 14. Ne2 d5
15. Ng3 Rf7 16. a4 a6 17. Rae1 Raf8 18. Bc5 Re8 19. Re2 h6 20. b3 Nh7 21. Be3
Nf8 22. Qg4 Kh7 23. Nh5 Ng6 24. Rfe1 Ref8 25. Qh3 Ba5 26. Rf1 Qd6 27. Qg4 Bc3
28. Bd2 Bd4 29. Be3 Bc3 30. Bd2 Bxd2 31. Rxd2 Nf4 32. Nxf4 Rxf4 33. Qe2 Qb4 34.
g3 R4f6 35. Qe1 d4 36. Kg2 Rf3 37. Qe2 R8f7 38. h4 b5 39. Ra1 Qc3 40. Qe1 Qc5
41. axb5 axb5 42. Re2 R3f6 43. Ra6 Qd6 44. c4 Rb7 45. Qc1 Qb4 46. Qd1 bxc4 47.
bxc4 Rb6 48. Rxb6 Qxb6 49. h5 Rf7 50. Rd2 Ra7 51. Qe2 Ra3 52. Rb2 Qc7 53. Qf3
Qe7 54. Rb6 Qc7 55. c5 Ra8 56. Qg4 Qd7 57. Qg6+ Kg8 58. g4 Kh8 59. g5 Rg8 60.
Kf1 hxg5 61. Qxg5 Qf7 62. h6 Qf3 63. hxg7+ Kh7 64. Qh4+ Kg6 65. Qg3+ Qxg3 66.
fxg3 Rxg7 67. Rxc6 Kf6 68. Kf2 Ra7 69. Rc8 Ra2+ 70. Ke1 Rg2 71. Rg8 Rc2 72. Rc8
Rg2 73. c6 Ke7 74. Rg8 Kd6 75. Rg6 Rc2 76. g4 Rxc6 77. Kd2 1/2-1/2

[Event "Druzynowe Mistrzostwa Polski - Ekstraliga 2023"]
[Site "Lublin"]
[Date "1899-12-30"]
[Round "9.4"]
[White "Teclaf, Pawel"]
[Black "Nguyen, Piotr"]
[Result "1/2-1/2"]
[WhiteTitle "GM"]
[BlackTitle "IM"]
[WhiteElo "2586"]
[BlackElo "2394"]

1. e4 c5 2. Nf3 a6 3. Be2 b5 4. d4 cxd4 5. Nxd4 Bb7 6. O-O e5 7. Nb3 Nf6 8. Bg5
Bxe4 9. Nc3 Bc6 10. Bf3 Be7 11. Re1 d6 12. Bxf6 Bxf6 13. Nd4 Bxf3 14. Qxf3 Ra7
15. Nf5 O-O 16. a4 b4 17. Nd5 a5 18. Rad1 Rd7 19. Nfe3 Be7 20. Qg4 g6 21. Qc4
Bg5 22. Qb5 Bxe3 23. Rxe3 Ra7 24. Red3 Ra6 25. c3 bxc3 26. Rxc3 Ra7 27. Ne3 Na6
28. Rc6 Nc7 29. Qb6 Qb8 30. Rdxd6 Ne6 31. Nc4 Nd4 32. Qxb8 Rxb8 33. Rc5 Rb4 34.
Nxe5 Rxa4 35. g3 Rb7 36. Rc4 Ra1+ 37. Kg2 Ne6 38. Rc8+ Kg7 39. Nc4 Rc1 40. Nxa5
Rxc8 41. Nxb7 Rb8 42. Rd7 Nf8 43. Re7 Kf6 44. Rc7 Ne6 45. Rd7 Nf8 46. Nc5 Rxb2
47. Ne4+ Kg7 48. Ra7 Rb6 49. Ng5 Rf6 50. f4 h6 51. Nf3 Rf5 52. h4 Ne6 53. Ne5
g5 54. hxg5 hxg5 55. Nxf7 Rxf7 56. Rxf7+ Kxf7 57. fxg5 1/2-1/2

[Event "Druzynowe Mistrzostwa Polski - Ekstraliga 2023"]
[Site "Lublin"]
[Date "1899-12-30"]
[Round "9.5"]
[White "Mikrut, Dariusz"]
[Black "Heberla, Bartlomiej"]
[Result "0-1"]
[WhiteTitle "IM"]
[BlackTitle "GM"]
[WhiteElo "2312"]
[BlackElo "2552"]

1. d4 Nf6 2. Nf3 e6 3. Bf4 c5 4. e3 cxd4 5. exd4 b6 6. Nbd2 Be7 7. Bd3 Ba6 8. Bxa6
Nxa6 9. O-O O-O 10. Qe2 Nc7 11. Nc4 d6 12. Bg5 Qd7 13. Ne3 Rfe8 14. a4 h6 15.
Bh4 Qc6 16. Bxf6 Bxf6 17. Rfe1 a6 18. c4 b5 19. Rec1 bxa4 20. Qc2 Qb6 21. Rxa4
Rec8 22. Qd2 Rab8 23. Rc2 Qc6 24. Ra5 Qe4 25. Ra3 Rb7 26. h3 Rcb8 27. Ng4 Be7
28. Re3 Qg6 29. Re1 Rb3 30. Ne3 Bf6 31. Qe2 h5 32. Kh1 a5 33. Ra1 Na6 34. Rxa5
Nb4 35. Rd2 Nd3 36. Rb5 R3xb5 37. cxb5 Nf4 38. Qc4 Qe4 39. Kh2 Qb7 40. d5 e5 41.
g3 Ng6 42. Rc2 Qxb5 43. Kg2 h4 44. Qxb5 Rxb5 45. Nd2 hxg3 46. fxg3 Ne7 47. Ne4
Nxd5 48. Nxd5 Rxd5 49. Rc8+ Kh7 50. Rc7 Kg6 51. g4 Rd4 52. Kf3 d5 53. Nc3 e4+
54. Ke2 Rd3 55. Rc5 d4 56. Nd5 Rf3 57. Rc6 d3+ 58. Kd2 Kg5 59. Rc5 Rf2+ 60. Ke1
Re2+ 61. Kd1 Bd4 62. Ra5 Kh4 63. Ra4 Be5 64. b3 Kg3 65. Ra7 f6 66. b4 Kf2 67.
b5 e3 0-1

[Event "Druzynowe Mistrzostwa Polski - Ekstraliga 2023"]
[Site "Lublin"]
[Date "1899-12-30"]
[Round "9.6"]
[White "Kiolbasa, Oliwia"]
[Black "Divya, Deshmukh"]
[Result "1/2-1/2"]
[WhiteTitle "IM"]
[BlackTitle "WGM"]
[WhiteElo "2387"]
[BlackElo "2385"]

1. e4 c5 2. Nf3 Nc6 3. d4 cxd4 4. Nxd4 Nf6 5. Nc3 e5 6. Ndb5 d6 7. Bg5 a6 8. Na3
b5 9. Nd5 Be7 10. Bxf6 Bxf6 11. c3 O-O 12. Nc2 Bg5 13. h4 Bh6 14. a4 bxa4 15.
Rxa4 a5 16. Bc4 Rb8 17. b3 Kh8 18. Nce3 Bxe3 19. Nxe3 Ne7 20. O-O f5 21. exf5
Bxf5 22. Nxf5 Rxf5 1/2-1/2

[Event "Druzynowe Mistrzostwa Polski - Ekstraliga 2023"]
[Site "Lublin"]
[Date "1899-12-30"]
[Round "9.7"]
[White "Grandelius, Nils"]
[Black "Nguyen, Thai Dai Van"]
[Result "1/2-1/2"]
[WhiteTitle "GM"]
[BlackTitle "GM"]
[WhiteElo "2681"]
[BlackElo "2606"]

1. e4 e5 2. Nf3 Nc6 3. Bb5 Nf6 4. O-O Nxe4 5. Re1 Nd6 6. Nxe5 Be7 7. Bf1 Nxe5 8.
Rxe5 O-O 9. d4 Bf6 10. Re2 b6 11. Re1 Bb7 12. c3 Bg5 13. c4 Ne4 14. Nd2 d5 1/2-1/2

[Event "Druzynowe Mistrzostwa Polski - Ekstraliga 2023"]
[Site "Lublin"]
[Date "1899-12-30"]
[Round "9.8"]
[White "Svane, Rasmus"]
[Black "Wieczorek, Oskar"]
[Result "1-0"]
[WhiteTitle "GM"]
[BlackTitle "GM"]
[WhiteElo "2641"]
[BlackElo "2494"]

1. d4 Nf6 2. c4 g6 3. Nc3 d5 4. cxd5 Nxd5 5. e4 Nxc3 6. bxc3 Bg7 7. Be3 c5 8. Nf3
Qa5 9. Qd2 Nc6 10. Rb1 a6 11. Rc1 cxd4 12. cxd4 Qxd2+ 13. Kxd2 f5 14. e5 O-O 15.
Bc4+ e6 16. Ke2 Bd7 17. Rhd1 Na5 18. Bd3 Rfc8 19. h3 b5 20. g4 Rxc1 21. Rxc1 Rc8
22. Rg1 Bc6 23. h4 Nc4 24. gxf5 gxf5 25. Bxc4 bxc4 26. h5 Bxf3+ 27. Kxf3 Kf7 28.
Rb1 c3 29. Ke2 Rc7 30. Rb6 c2 31. Bc1 a5 32. Ra6 Rd7 33. Ke3 Rd5 34. Ra7+ Kg8
35. Rc7 Bh6+ 36. f4 Bf8 37. Rxc2 Rd7 38. Bd2 a4 39. Rc4 a3 40. Bb4 Bxb4 41. Rxb4
Kg7 42. Rb6 Re7 43. Ra6 Kh6 44. d5 Kxh5 45. Rxe6 Rb7 46. Re8 Rb4 47. d6 Re4+ 48.
Kf3 Rd4 49. Ra8 Rd3+ 50. Ke2 Rd4 51. Ke3 Re4+ 52. Kf3 1-0

[Event "Druzynowe Mistrzostwa Polski - Ekstraliga 2023"]
[Site "Lublin"]
[Date "1899-12-30"]
[Round "9.9"]
[White "Bartel, Mateusz"]
[Black "Berkes, Ferenc"]
[Result "1-0"]
[WhiteTitle "GM"]
[BlackTitle "GM"]
[WhiteElo "2621"]
[BlackElo "2622"]

1. e4 Nf6 2. e5 Nd5 3. d4 d6 4. c4 Nb6 5. exd6 exd6 6. Be3 Be7 7. Bd3 Bg5 8. Nc3
Bxe3 9. fxe3 Qh4+ 10. g3 Qe7 11. Qf3 O-O 12. Nge2 Re8 13. O-O-O N8d7 14. Nf4 Nf6
15. Rde1 Bd7 16. e4 Qf8 17. g4 Bxg4 18. Qg3 Be6 19. c5 Nc8 20. Qh4 h6 21. Rhg1
Kh8 22. Rg6 Ne7 23. Rxf6 gxf6 24. Rg1 Ng8 25. Nh5 f5 26. exf5 Bxf5 27. Bxf5 Qe7
28. Rxg8+ Kxg8 29. Nf6+ Kg7 30. Nce4 dxc5 31. Bd7 Rh8 32. Qg3+ Kf8 33. d5 h5 34.
h4 c4 35. Bf5 Rd8 36. Nh7+ Rxh7 37. Bxh7 Qb4 38. Qg8+ Ke7 39. Qg5+ Ke8 40. Nf6+
Kf8 41. Qh6+ Ke7 42. Qe3+ Kf8 43. Bf5 Qd6 44. Nh7+ Kg8 45. Qg5+ Kh8 46. Nf6 Qf8
47. Qxh5+ Kg7 48. Qg5+ Kh8 49. Bd7 Ra8 50. Be6 c3 51. Bxf7 cxb2+ 52. Kb1 1-0

[Event "Druzynowe Mistrzostwa Polski - Ekstraliga 2023"]
[Site "Lublin"]
[Date "1899-12-30"]
[Round "9.10"]
[White "Dardha, Daniel"]
[Black "Mastrovasilis, Dimitrios"]
[Result "1/2-1/2"]
[WhiteTitle "GM"]
[BlackTitle "GM"]
[WhiteElo "2586"]
[BlackElo "2589"]

1. Nf3 d5 2. e3 Nf6 3. c4 e6 4. Nc3 c5 5. cxd5 exd5 6. Bb5+ Nbd7 7. d4 c4 8. O-O
a6 9. Bxd7+ Bxd7 10. Ne5 Be7 11. b3 O-O 12. Qf3 cxb3 1/2-1/2